| 000 | 01865nam a22002537a 4500 | ||
|---|---|---|---|
| 003 | Uzh_bibl | ||
| 008 | 260430b |||||||| |||| 00| 0 ukr d | ||
| 020 |
_a5-333-00249-5 _c1.30 |
||
| 040 | _aукр. | ||
| 041 |
_2ukr _aukr |
||
| 080 | _a821(477) | ||
| 090 |
_a821(477) _bН 13 |
||
| 100 | _aНазар, Микола | ||
| 245 |
_aЗнаки Злодіяки _hТекст |
||
| 260 |
_aКиїв _bРадянський письменник _c1990 |
||
| 300 |
_a410 с. _fВ опр. |
||
| 520 | _aНазву книжці молодого українського радянського сатирика й гумориста дав пригодницько-політичний ро- ман «Знаки Злодіяки». В ньому автор гостро висміяв політиків-кар'єристів, котрі під різними масками прихо- вують свою егоїстичну споживацьку суть. До книжки увійшли повісті «Гонка без лідера» та «Погорілий фенікс», спрямовані проти неоміщанства й бездуховності, словоблудства й окозамилювання, про- центоманії й парадності. | ||
| 521 | _aДля широкого кола читачів | ||
| 546 | _aукр. | ||
| 650 |
_aЛітературно-художнє видання _yПереважно радянський період (узагальнене міське й суспільне середовище кінця ХХ ст.) _zУкраїна |
||
| 653 |
_aСатира _aПороки _aСуспільство _aІронія _aВикриття |
||
| 655 |
_aСатирична проза (повісті та романи) _vСатиричні повісті та романи |
||
| 942 |
_2udc _cBK |
||
| 999 |
_c17579 _d17579 |
||